000 00537cam a22001577a 4500
008 180718b2013 xxu||||| |||| 00| 0 eng d
020 _a9780273770411
082 _aT25 L662i
100 _aLipczynski, John, Wilson, John O.S, Goddard, John
245 _aIndustrial organization : competition, strategy and policy
_cby John Lipczynski, John O.S. Wilson , John Goddard
250 _a4th
260 _aHarlow
_bPearson
_c2013
300 _a836p.
650 _aIndustrial organization (Economic theory)
650 _aIndustrial organization
999 _c444180
_d444180